| 000 | 00420 a2200145 4500 | ||
|---|---|---|---|
| 999 |
_c5969 _d5969 |
||
| 020 | _a9780073511108 | ||
| 050 | _aQD253DEN 2008 | ||
| 100 |
_aDennsiston Katherine _eauthor |
||
| 245 |
_aGeneral Organic and Biochemistry : _cKatherine J Denningston |
||
| 264 |
_aBoston : _bMcGraw-Hill _c2008 |
||
| 300 |
_aiv,821p.: _bill. (col.) |
||
| 500 | _aIncludes index | ||
| 650 | _aBiochemistry | ||
| 942 |
_2lcc _cBK _e6th _h253 _iDEN _kQD |
||